Electrical Engineering materials (Record no. 6236)
[ view plain ]
| 000 -LEADER | |
|---|---|
| fixed length control field | 00478nam a2200181Ia 4500 |
| 008 - FIXED-LENGTH DATA ELEMENTS--GENERAL INFORMATION | |
| fixed length control field | 230711s9999||||xx |||||||||||||| ||und|| |
| 020 ## - INTERNATIONAL STANDARD BOOK NUMBER | |
| International Standard Book Number | 978-1-25-900620-3 |
| 041 ## - LANGUAGE CODE | |
| Language code of text/sound track or separate title | ENG |
| 082 ## - DEWEY DECIMAL CLASSIFICATION NUMBER | |
| Classification number | 621.3 |
| Item number | SH-E |
| 100 ## - MAIN ENTRY--PERSONAL NAME | |
| Personal name | Shukla,R K |
| 245 #0 - TITLE STATEMENT | |
| Title | Electrical Engineering materials |
| 250 ## - EDITION STATEMENT | |
| Edition statement | 1st Ed. |
| 260 ## - PUBLICATION, DISTRIBUTION, ETC. | |
| Date of publication, distribution, etc. | 2012 |
| Place of publication, distribution, etc. | New Delhi |
| Name of publisher, distributor, etc. | McGraw Hill Education(India) Private Limited |
| 300 ## - PHYSICAL DESCRIPTION | |
| Extent | 11.37p. |
| 650 ## - SUBJECT ADDED ENTRY--TOPICAL TERM | |
| Topical term or geographic name entry element | Electrical Engineering |
| 700 ## - ADDED ENTRY--PERSONAL NAME | |
| Personal name | Singh,Archana |
| 942 ## - ADDED ENTRY ELEMENTS (KOHA) | |
| Koha item type | Book |
| Withdrawn status | Lost status | Damaged status | Not for loan | Collection | Home library | Current library | Date acquired | Cost, normal purchase price | Inventory number | Total checkouts | Full call number | Barcode | Date last seen | Price effective from | Koha item type | Date last checked out |
|---|---|---|---|---|---|---|---|---|---|---|---|---|---|---|---|---|
| MRSPTU Central Library | MRSPTU Central Library | 420.00 | KBD/2016-2017/961042808 | 621.3 SH-E | 35125 | 08/17/2023 | 08/17/2023 | Book | ||||||||
| MRSPTU Central Library | MRSPTU Central Library | 420.00 | KBD/2016-2017/961042808 | 621.3 SH-E | 35126 | 08/17/2023 | 08/17/2023 | Book | ||||||||
| MRSPTU Central Library | MRSPTU Central Library | 420.00 | KBD/2016-2017/961042808 | 621.3 SH-E | 35127 | 08/17/2023 | 08/17/2023 | Book | ||||||||
| MRSPTU Central Library | MRSPTU Central Library | 420.00 | KBD/2016-2017/961042808 | 621.3 SH-E | 35128 | 08/17/2023 | 08/17/2023 | Book | ||||||||
| MRSPTU Central Library | MRSPTU Central Library | 420.00 | KBD/2016-2017/961042808 | 1 | 621.3 SH-E | 35129 | 04/24/2026 | 08/17/2023 | Book | 04/09/2026 |
